[Event "Arco op 42nd"]
[Site "Arco"]
[Date "2020.10.15"]
[Round "6.36"]
[White "Morselli, Stefano"]
[Black "Prelati, Maurizio"]
[Result "0-1"]
[WhiteElo "1757"]
[BlackElo "1900"]
[PlyCount "68"]
[EventDate "2020.10.10"]
[EventType "swiss"]
[EventRounds "9"]
[EventCountry "ITA"]
[SourceTitle "CBM 198 Extra"]
[Source "ChessBase"]
[SourceDate "2020.11.30"]
[SourceVersion "1"]
[SourceVersionDate "2020.11.30"]
[SourceQuality "1"]

1. e4 c5 2. c3 d5 3. exd5 Qxd5 4. d4 g6 5. Nf3 Bg7 6. Be2 Nf6 7. c4 Qd8 8. 0-0 cxd4 9. Nxd4 0-0 10. Nc3 Bd7 11. Be3 Nc6 12. Qd2 Nxd4 13. Bxd4 Bc6 14. Rfd1 Re8 15. Qe3 Qa5 16. a3 Qf5 17. f3 e5 18. Bxa7 e4 19. f4 h5 20. Bd4 h4 21. Rd2 Bh6 22. g3 hxg3 23. hxg3 Ng4 24. Bxg4 Qxg4 25. Rh2 Bg7 26. Bxg7 Kxg7 27. Rd2 Rh8 28. Rad1 Rh3 29. Rg2 Rah8 30. Rf1 Qd7 31. Rd2 Rh1+ 32. Kf2 R8h2+ 33. Ke1 Rxf1+ 34. Kxf1 Qxd2 0-1

[Event "Arco op 41st"]
[Site "Arco"]
[Date "2019.10.09"]
[Round "6"]
[White "Morselli, Stefano"]
[Black "Simeone, Giulio"]
[Result "0-1"]
[WhiteElo "1754"]
[BlackElo "2004"]
[PlyCount "32"]
[EventDate "2019.10.04"]
[EventType "swiss"]
[EventRounds "9"]
[EventCountry "ITA"]
[SourceTitle "EXT 2020"]
[Source "ChessBase"]
[SourceDate "2019.10.17"]
[SourceVersion "1"]
[SourceVersionDate "2019.10.17"]
[SourceQuality "1"]

1. e4 c6 2. d4 d5 3. exd5 Qxd5 4. c4 Qa5+ 5. Bd2 Qb6 6. Bc3 Nf6 7. Bd3 Bg4 8. Qc2 e6 9. Nd2 c5 10. Ngf3 Nc6 11. d5 exd5 12. Bxf6 gxf6 13. cxd5 Qb4 14. Qb3 0-0-0 15. Bc4 Re8+ 16. Be2 Bf5 0-1

[Event "Arco op-A 39th"]
[Site "Arco"]
[Date "2017.10.15"]
[Round "9"]
[White "Eschweiler, Markus"]
[Black "Morselli, Stefano"]
[Result "0-1"]
[WhiteElo "1702"]
[BlackElo "1849"]
[PlyCount "100"]
[EventDate "2017.10.07"]
[EventType "swiss"]
[EventRounds "9"]
[EventCountry "ITA"]
[SourceTitle "CBM 181 Extra"]
[Source "ChessBase"]
[SourceDate "2017.12.12"]
[SourceVersion "1"]
[SourceVersionDate "2017.12.12"]
[SourceQuality "1"]

1. c4 e5 2. Nc3 f5 3. g3 Nf6 4. a3 c6 5. Bg2 d5 6. cxd5 cxd5 7. d3 Nc6 8. Bg5 Be6 9. Bxf6 gxf6 10. e4 fxe4 11. dxe4 d4 12. Nd5 h5 13. Ne2 f5 14. Qb3 Rh7 15. 0-0 Rd7 16. Nc7+ Qxc7 17. Qxe6+ Re7 18. Qxf5 Qb6 19. Qxh5+ Kd8 20. Qf3 Bh6 21. Qd3 Rc8 22. b4 Rh7 23. Bh3 Rcc7 24. Bf5 Rh8 25. Nc1 Ne7 26. Bg4 Qg6 27. Qe2 Bxc1 28. Raxc1 Rxc1 29. Rxc1 Qh6 30. f4 exf4 31. gxf4 Qxf4 32. Rf1 Qe5 33. h3 Nd5 34. Rf5 Qg3+ 35. Qg2 Qxg2+ 36. Kxg2 Ne3+ 37. Kf3 Nxf5 38. Bxf5 Ke7 39. e5 Kf7 40. Ke4 Rd8 41. Kd3 Kg7 42. Kc4 Kh6 43. Be4 Kg5 44. Kd3 b6 45. Bf3 Kf4 46. Bg4 Kxe5 47. h4 Rg8 48. Bd1 Rg3+ 49. Kc4 a6 50. b5 a5 0-1

[Event "Imperia op-A 55th"]
[Site "Imperia"]
[Date "2013.09.04"]
[Round "5"]
[White "Morselli, Stefano"]
[Black "Faraci, Antonino"]
[Result "0-1"]
[WhiteElo "1904"]
[BlackElo "2020"]
[PlyCount "50"]
[EventDate "2013.09.01"]
[EventType "swiss"]
[EventRounds "9"]
[EventCountry "ITA"]
[SourceTitle "EXT 2015"]
[Source "ChessBase"]
[SourceDate "2014.11.20"]
[SourceVersion "1"]
[SourceVersionDate "2014.11.20"]
[SourceQuality "1"]

1. Nf3 c5 2. g3 Nc6 3. Bg2 d6 4. 0-0 e5 5. d3 Be7 6. c3 Bg4 7. b4 Qd7 8. b5 Nd8 9. c4 Bh3 10. Nc3 Nf6 11. e3 h5 12. d4 e4 13. Ng5 Bxg2 14. Kxg2 h4 15. dxc5 Qf5 16. f4 exf3+ 17. Rxf3 Qxg5 18. cxd6 hxg3 19. Rxg3 Qh4 20. h3 Ne4 21. Nxe4 Qxe4+ 22. Kh2 Bf6 23. Ba3 Kf8 24. d7+ Kg8 25. Qd6 Bxa1 0-1

[Event "Arco op 34th"]
[Site "Arco"]
[Date "2012.10.18"]
[Round "6"]
[White "Morselli, Stefano"]
[Black "Espinosa Cancino, Cristina"]
[Result "1-0"]
[WhiteElo "1905"]
[BlackElo "1479"]
[PlyCount "81"]
[EventDate "2012.10.13"]
[EventType "swiss"]
[EventRounds "9"]
[EventCountry "ITA"]
[SourceTitle "EXT 2013"]
[Source "ChessBase"]
[SourceDate "2012.11.22"]
[SourceVersion "1"]
[SourceVersionDate "2012.11.22"]
[SourceQuality "1"]

1. e4 e5 2. Bb5 c6 3. Ba4 Bc5 4. Nf3 d6 5. c3 Bg4 6. h3 Bh5 7. 0-0 Nf6 8. Re1 0-0 9. d3 Nbd7 10. Nbd2 b5 11. Bc2 Qb6 12. Qe2 d5 13. exd5 cxd5 14. Nb3 Bd6 15. g4 Bg6 16. Be3 Qc7 17. Nh4 a6 18. Nxg6 fxg6 19. Rac1 Rae8 20. Nd2 e4 21. dxe4 Nxe4 22. Nxe4 dxe4 23. Bd4 Bf4 24. Rcd1 e3 25. fxe3 Nb8 26. Qg2 Bg3 27. Qd5+ Kh8 28. Qg2 Bh4 29. Rf1 Bg5 30. Rxf8+ Rxf8 31. Rf1 Re8 32. Qf3 Qe7 33. Be4 Nd7 34. Bc6 Rf8 35. Qe2 Rxf1+ 36. Kxf1 Qf7+ 37. Qf2 Qxf2+ 38. Kxf2 Nf6 39. b4 h5 40. Kg3 Kg8 41. h4 1-0

[Event "Arco op 34th"]
[Site "Arco"]
[Date "2012.10.13"]
[Round "1"]
[White "Morselli, Stefano"]
[Black "Horvath, Csaba"]
[Result "0-1"]
[WhiteElo "1905"]
[BlackElo "2526"]
[PlyCount "48"]
[EventDate "2012.10.13"]
[EventType "swiss"]
[EventRounds "9"]
[EventCountry "ITA"]
[SourceTitle "EXT 2013"]
[Source "ChessBase"]
[SourceDate "2012.11.22"]
[SourceVersion "1"]
[SourceVersionDate "2012.11.22"]
[SourceQuality "1"]

1. Nf3 g6 2. e4 Bg7 3. d4 d6 4. Nc3 Nf6 5. Bd3 0-0 6. h3 Nc6 7. Be3 e5 8. d5 Ne7 9. g4 c6 10. dxc6 bxc6 11. Bc4 Bb7 12. Bb3 c5 13. Nd2 d5 14. Nxd5 Nexd5 15. exd5 Nxd5 16. 0-0 Qc7 17. Nc4 a5 18. c3 Qc6 19. Ba4 Qf6 20. Bxc5 Nf4 21. Ne3 Rfd8 22. g5 Nxh3+ 23. Kh2 Nxg5 24. Qg4 h5 0-1

[Event "Arco op 33rd"]
[Site "Arco"]
[Date "2011.10.23"]
[Round "2"]
[White "Morselli, Stefano"]
[Black "Astengo, Corrado"]
[Result "0-1"]
[WhiteElo "1909"]
[BlackElo "2095"]
[PlyCount "64"]
[EventDate "2011.10.22"]
[EventType "swiss"]
[EventRounds "9"]
[EventCountry "ITA"]
[SourceTitle "EXT 2024"]
[Source "ChessBase"]
[SourceDate "2023.10.10"]
[SourceVersion "1"]
[SourceVersionDate "2023.10.10"]
[SourceQuality "1"]

1. Nf3 d5 2. g3 Nf6 3. Bg2 c5 4. d3 Nc6 5. 0-0 e6 6. Nbd2 b6 7. Re1 Bb7 8. e4 Qc7 9. exd5 Nxd5 10. Nc4 Be7 11. Nce5 Nxe5 12. Nxe5 0-0 13. c3 Rad8 14. Qa4 a6 15. Qe4 Ba8 16. Qa4 Bb7 17. Qe4 Rb8 18. Nxf7 Rxf7 19. Qxe6 Rd8 20. Qe4 Rd7 21. Bh3 Nf6 22. Qe2 Qc6 23. f3 Qxf3 24. Qxf3 Bxf3 25. Bxd7 Nxd7 26. Bf4 Nf6 27. Re3 Bg4 28. c4 Nd7 29. Rae1 Bf6 30. Re8+ Nf8 31. Rb8 g5 32. Bd6 Bd4+ 0-1